000 01073cam a2200265 a 4500
001 000014273
005 20200929163542.0
008 060119s2005 rm b 001 0 eng d
020 _a9738687195
040 _aDO-SdBNP
_beng
_cLC
_dBNPHU
041 1 7 _aeng
_hrum
_2Código de idioma MARC
050 0 0 _aPN5355.R8
_bL86 2005
082 _ann*
_bL958r
100 1 _aLumperdean, Ioan.
_932229
240 1 0 _aPublicisticã economica româneascã din Transilvania.
_lInglés
245 1 0 _aRomanian economic journalism in Transylvania in the first half of the nineteenth century /
_cIoan Lumperdean ; Traducción del rumano Ramona-Alina Panei y Radu Bazavan.
260 _aCluj-Napoca :
_bRomanian Cultural Institute,
_c2005.
300 _a198 p. ;
_c21 cm.
504 _aIncluye referencias bibliográficas p. [141]-193 e índice.
650 0 _aJournalism, commercial
_zRomania
_zTransylvania
_xHistory
_y19th century.
_932230
700 1 _aPanei, Ramona-Alina,
_etr.
_932231
700 1 _aBãzãvan, Radu,
_etr.
_932232
910 _aCatalogación por copia / LC
049 _aBNGR
999 _c13869
_d13869